000 00469nam a2200181Ia 4500
005 20250923144409.0
008 008 250917s9999 xx 000 0 eng d
037 _aTextual
040 _aDSWL
_beng
_cDSWL
041 _aeng
_2eng
084 _aX:8, G7
_qDSWL
100 _aWalters, J.E
_9824474
245 0 _aModern management
_cby J.E Walters
260 _c1946
300 _a338 p.
942 _cTEXL
_hX:8, G7
999 _c1438343
_d1438343